000
00305nam a22001337a 4500
008
190227b xxu||||| |||| 00| 0 eng d
020
_a
9780136128274
041
_a
eng
080
_a
721.023
100
_a
62
101
_a
AUD
245
_a
Auditing and Assurance Services
_c
Arens, A.A
942
_2
udc
_c
BK
999
_c
54345
_d
54345